000 04587namaa22004091i 4500
003 OSt
005 20260421120630.0
008 250827s2024 ua a|||frm||| 000 0 eng d
040 _aEG-GICUC
_bara
_cEG-GICUC
_dEG-GICUC
_erda
041 0 _aara
_bara
_beng
049 _aإيداع
082 0 4 _a745.10288
092 _a745.10288
_221
097 _aمــــاجستير
099 _aCai01.14.03.M.Sc.2024.عل.أ
100 0 _a،على نادى توفيق عثمان
_eإعداد.
245 1 0 _aأساليب العرض المتحفي والتخزين للآثار الفخارية والخزفية مع التطبيق على أحد النماذج المختارة /
_cإعداد على نادى توفيق عثمان؛ إشراف أ.د. محمد محمد مصطفي إبراهيم.
246 1 5 _aMuseum display and storage methods for pottery and ceramics with application to a selected model /
264 0 _c2024.
300 _a201 صفحة :
_bإيضاحيات ؛
_c30 سم. +
_eCD.
336 _atext
_2rda content
337 _aUnmediated
_2rdamedia
338 _avolume
_2rdacarrier
502 _aأطروحة (ماجستير)-جامعة القاهرة، 2024.
504 _aببليوجرافيا: صفحات 177-201.
520 _aتتناول هذه الدراسة موضوعًا بالغ الأهمية يتعلق بأساليب عرض وتخزين الآثار الفخارية والخزفية، نظرًا لما تمثله من قيمة كبيرة في طرق التخزين والعرض المتحفي. لذا، تركز دراستنا على جانب أساسي من عملية العناية والصيانة لهذه الآثار، وهو عمليات التنظيف، والاستكمال، والحفظ، والتخزين.تتضمن الدراسة استعراض أساليب عرض الآثار الفخارية والخزفية في المتاحف، مع التعريف بالمتحف ودوره في الحفاظ على القيمة الجمالية والمادية لهذه الآثار. كما تتناول أنواع العرض المتحفي، وعناصره، وأهدافه، والوحدات المستخدمة في عرض القطع المختلفة، بالإضافة إلى طرق تخزين الفخار والخزف الأثري ووسائل النقل المتنوعة لهذه الآثار.كما تدرس الدراسة العوامل المؤثرة على تلف الآثار الفخارية والخزفية في المتاحف والمخازن الأثرية، بدءًا من العوامل المسببة لتلف المواد، والعوامل الميكانيكية، والفيزيائية، والكيميائية، وصولًا إلى التلف الناتج عن طرق التعامل غير السليمة، والعوامل البشرية، والكوارث الطبيعية، وطرق قياس هذه العوامل.
520 _aThis study addresses a highly important topic related to the methods of displaying and storing pottery and ceramic artifacts, given their significant value in storage and museum display techniques. Therefore, our study focuses on a fundamental aspect of the care and maintenance of these artifacts, which includes cleaning, restoration, preservation, and storage processes. The study includes a review of the methods of displaying pottery and ceramic artifacts in museums, along with an introduction to the museum and its role in preserving the aesthetic and material value of these artifacts. It also discusses the types of museum displays, their elements, objectives, and the units used for displaying various pieces, in addition to the methods of storing archaeological pottery and ceramics and the various means of transporting these artifacts.Furthermore, the study examines the factors affecting the deterioration of pottery and ceramic artifacts in museums and archaeological storage, starting.
530 _aصدر أيضًا كقرص مدمج.
546 _aالنص بالعربية والملخص باللغة الإنجليزية والعربية.
650 7 _aالصيانة والاصلاح
_2qrmak
653 0 _aمتحف
_aالخزف
_aالفخار
700 0 _aمحمد محمد مصطفي إبراهيم
_eمشرف أطروحة.
900 _b05-12-2024
_cمحمد محمد مصطفي إبراهيم
_dمحسن محمد صالح محمد
_dفاطمة صلاح مدكور
_Uجامعة القاهرة
_Fكلية الآثار
_Dقسم ترميم الآثار
905 _aSara
942 _2ddc
_cTH
_e21
_n0
999 _c179649